000
00339nam a2200133Ia 4500
008
210716s1997 xx 000 0 und d
020
_a
818710550X
041
_a
eng
082
_a
003.57 MORR
100
_a
Mortier R Shamms...[et.al].
245
_a
Pagemaker 6.5 complete.
260
_a
New Delhi
_b
Techmedia
_c
1997
300
_a
XXI,903,27
999
_c
184835
_d
184835